Pensar el arte: un recorrido histórico por las ideas estéticas
Uloženo v:
| Hlavní autoři: | , , , , |
|---|---|
| Médium: | Kniha |
| Jazyk: | španělština |
| Vydáno: |
Santiago
Ediciones UC
2019
|
| Vydání: | 1a. ed |
| Témata: | |
| Tagy: |
Přidat tag
Žádné tagy, Buďte první, kdo vytvoří štítek k tomuto záznamu!
|
MARC
| LEADER | 00000cam a2200000 a 4500 | ||
|---|---|---|---|
| 001 | UCB0185 | ||
| 003 | CL-VaPUC | ||
| 005 | 20210811122625.0 | ||
| 008 | 191213e20190000cl spa d | ||
| 999 | |c 375858 |d 375856 | ||
| 020 | |a 9789561424012 | ||
| 040 | |c Pontificia Universidad Católica de Valparaíso | ||
| 082 | 0 | 4 | |a 701 POT 2019 |2 21 |
| 100 | 1 | |a Potestà, Andrea |e author |9 604815 | |
| 245 | 1 | 0 | |a Pensar el arte: un recorrido histórico por las ideas estéticas |
| 250 | |a 1a. ed | ||
| 260 | |a Santiago |b Ediciones UC |c 2019 | ||
| 300 | |a 249 p | ||
| 583 | |a last modification |c 20191213 11:49:00 |k cmena | ||
| 650 | 0 | 0 | |a Filosofía del arte |9 264951 |
| 650 | 0 | 0 | |a Estética |9 264950 |
| 700 | 1 | |a Medina Cisterna, Soledad |e author |9 605508 | |
| 700 | 1 | |a Morales Guzmán, Paulina |e author |9 605509 | |
| 700 | 1 | |a Rivas Vergara, Matías |e author |9 605510 | |
| 700 | 1 | |a Zeinal Werba, Megan |e author |9 605511 | |
| 942 | |c BK |2 ddc | ||
| 945 | |a dcastane |d 20191213 11:49:00 | ||
| 952 | |0 0 |1 0 |2 ddc |4 0 |6 701_000000000000000_POT |7 0 |9 494958 |a BIBART |b BIBART |d 2019-12-11 |e 14 |g 13630.00 |i 5567572 |o 701 POT |p 5567572 |r 2025-03-13 |t 1 |v 13630.00 |w 2019-12-11 |y MP | ||